| 000 | 00812nam a2200241Ia 4500 | ||
|---|---|---|---|
| 003 | OSt | ||
| 005 | 20220923211450.0 | ||
| 006 | a|||||r|||| 00| 0 | ||
| 007 | ta | ||
| 008 | Pun | ||
| 020 |
_a9789350687000 (pbk) _c150 |
||
| 024 | _a282,850 | ||
| 037 |
_b901, 25/07/2014, Bright Book Service _cTextual |
||
| 040 |
_aARTS _cARTS _bPun |
||
| 041 |
_2Pun _aPun |
||
| 082 | _aR496, 153Q4 | ||
| 100 |
_aਫਰਾਇਨ, ਡਰੇਬਰਾ _9156318 |
||
| 245 | 0 | _aਸਖ਼ਲਤਾ ਵੱਲ ਨਵਾਂ ਕਦਮ ਨਵੇ੍ਵ ਲੋਕਾਂ ਨੂੰ ਮਿਲੋ | |
| 260 |
_aਚੰਡੀਗੜ _b ਲੋਕਗੀਤ _c2014 |
||
| 300 |
_a139ਪੰ _ccm. |
||
| 942 |
_hR496, 153Q4 _cTEXL _2CC |
||
| 999 |
_c299793 _d299793 |
||